Nociones de geografía general y particular de Europa, Asia, Africa, América y Oceanía

Gespeichert in:
Bibliographische Detailangaben
1. Verfasser: Arranz Velarde, Fernando
Format: Buch
Sprache:Spanisch
Erschienen: Santander : Talleres Tipográficos J. Martínez, 1939
Katalog:MANES:  Suchergebnis im Bibliothekskatalog
Schulbuchspezifische Eigenschaften:
Tags: Tag hinzufügen
Keine Tags, Fügen Sie den ersten Tag hinzu!
Hinzugefügt zu:29.11.1999
Geändert in:07.05.2025

MARC

LEADER 00000cam a2200000#i 4500
005 20250507134456.0
008 000000s1939 espo 000 0 spa d
040 |a uned  |b spa  |c entro-manes 
100 1 |a Arranz Velarde, Fernando  |9 37567 
245 1 0 |a Nociones de geografía general y particular de Europa, Asia, Africa, América y Oceanía /   |c F. Arranz Velarde 
260 |a Santander :   |b Talleres Tipográficos J. Martínez,   |c 1939 
300 |a 230 p. :   |b il. 
546 |a España 
561 |5 es-BUNED  |3 L.T. 2856  |a España. Fondo Manes UNED  |k MANES 
690 0 |a GEO 
942 |2 ddc  |c BK 
999 |c 95310  |d 95310 
999 |c manes:95310  |d 95310